| 000 | 01393nam0a22003131 4500 | ||
|---|---|---|---|
| 001 | rc\3794558 | ||
| 005 | 20120311163929.2 | ||
| 021 |
_aRU _b[76-4586] |
||
| 035 | _a(NLR Aleph) 007253387 | ||
| 090 |
_a5229295 _c5229295 |
||
| 100 | _a20120311d1975 |||y0rusy50 ca | ||
| 101 | 1 |
_arus _ceng |
|
| 102 | _aRU | ||
| 105 | _aa z ||||| | ||
| 200 | 1 |
_aПерспективы освоения космоса _fФ. Боно, К. Гатланд _gСокр. пер. с англ. Г.Л. Гродзовского [и др.] _gПод общ. ред. проф. Г.Л. Гродзовского |
|
| 210 |
_aМосква _cМашиностроение _d1975 |
||
| 215 |
_a214 с. _cил. _d20 |
||
| 311 | _aПер. изд.: Frontiers of space / Philip Bono and Kenneth Gatland (The Macmillan company) | ||
| 454 | 0 |
_12001#$aFrontiers of space$fPhilip Bono and Kenneth Gatland _1210##$cThe Macmillan company _1700#1$aBono$bP.$gPhilip _1701#1$aGatland$bK.$gKenneth |
|
| 606 |
_aКосмическое пространство _xИспользование в мирных целях _2psbo |
||
| 606 |
_aКосмические летательные аппараты _2psbo |
||
| 700 | 1 |
_aБоно _bФ. |
|
| 701 | 1 |
_aГатланд _bК. |
|
| 702 | 1 |
_aГродзовский _bГ. Л. _4730 _4340 |
|
| 801 | 0 |
_aRU _bNLR _gpsbo |
|
| 801 | 1 |
_aRU _bELAR _2rusmarc |
|
| 852 |
_aNLR _j76-3/2776 |
||
| 942 | _cBOOK | ||
| 980 | _aNB | ||